000
00270nam a22001217a 4500
008
180302b xxu||||| |||| 00| 0 eng d
041
_a
eng
080
_a
621
100
_a
27
101
_a
ENG
245
_a
TRANSIENTS IN POWER SYSTEMS
_c
HAROLD.A.P
942
_2
udc
_c
BK
999
_c
44040
_d
44040